[Event "Mechanics' Summer TNM; 30/90, SD/30"]
[Site "San Francisco"]
[Date "2011.05.24"]
[Round "1.9"]
[White "Wheeler, Cameron"]
[Black "Kleiman, Charles"]
[Result "1-0"]
[WhiteElo "2052"]
[BlackElo "1858"]
[PlyCount "79"]
[EventDate "2011.??.??"]

1. e4 d5 2. exd5 Qxd5 3. Nc3 Qa5 4. d4 Nf6 5. Nf3 Bf5 6. Bd3 Bxd3 7. Qxd3 Qa6
8. Nb5 Nd5 9. c4 c6 10. Nc3 Nd7 11. O-O e6 12. Bd2 Be7 13. b3 O-O 14. Qe2 Nxc3
15. Bxc3 Bf6 16. Rad1 Rfd8 17. Rd3 Nf8 18. Rfd1 Ng6 19. g3 Qa3 20. R1d2 Rd7 21.
Qd1 Rad8 22. h4 c5 23. Kg2 cxd4 24. Bxd4 Bxd4 25. Rxd4 Rxd4 26. Nxd4 a6 27. h5
Nf8 28. h6 g6 29. Qa1 e5 30. Nc2 Qe7 31. Rxd8 Qxd8 32. Qxe5 Ne6 33. Ne3 Qc7 34.
Qf6 Qd8 35. Nd5 Qxf6 36. Nxf6+ Kf8 37. Kf3 Ke7 38. Nd5+ Kd6 {[move missing]}
39. Ke4 Nc5+ 40. Ke3 {score ends} 1-0

[Event "Mechanics' Summer TNM; 30/90, SD/30"]
[Site "San Francisco"]
[Date "2011.06.28"]
[Round "6.10"]
[White "Wheeler, Cameron"]
[Black "Oca, Homer"]
[Result "1-0"]
[WhiteElo "2052"]
[BlackElo "1674"]
[PlyCount "57"]
[EventDate "2011.??.??"]

1. e4 a6 2. d4 d5 3. exd5 Qxd5 4. Nc3 Qd8 5. Nf3 h6 6. Be2 Nf6 7. O-O e6 8. Be3
Nc6 9. a3 Be7 10. Qd3 O-O 11. Rad1 Bd6 12. Ne4 Nxe4 13. Qxe4 f5 14. Qd3 Qf6 15.
c4 b6 16. d5 Ne5 17. Nxe5 Qxe5 18. g3 Qxb2 19. Bd4 Qxa3 20. Qc2 Be7 21. d6 Qxd6
22. Bf3 e5 23. Bb2 Qg6 24. Bxa8 c6 25. Bxe5 Bc5 26. Bd4 Qd6 27. Bxg7 Kxg7 28.
Rxd6 Bxd6 29. Bxc6 1-0

[Event "Mechanics' Summer TNM; 30/90, SD/30"]
[Site "San Francisco"]
[Date "2011.06.07"]
[Round "3.4"]
[White "Wheeler, Cameron"]
[Black "Sandberg, Evan"]
[Result "0-1"]
[WhiteElo "2052"]
[BlackElo "2168"]
[PlyCount "96"]
[EventDate "2011.??.??"]

1. e4 d5 2. exd5 Qxd5 3. Nc3 Qa5 4. d4 Nf6 5. Nf3 Bg4 6. Be2 Nc6 7. O-O O-O-O
8. Be3 e5 9. Ng5 Bxe2 10. Qxe2 exd4 11. Nxf7 Bd6 12. Nxh8 Rxh8 13. Bd2 dxc3 14.
Bxc3 Qf5 15. Rfe1 Nd5 16. Rad1 Rf8 17. g3 Bc5 18. Rd2 g6 19. Kg2 Nce7 20. Bd4
Bb4 21. c3 Bd6 22. c4 Bb4 23. cxd5 Bxd2 24. Qxd2 Qxd5+ 25. Kg1 Nc6 26. Bc3 Qxa2
27. Qh6 Qf7 28. Qe3 Qf5 29. Qe6+ Qxe6 30. Rxe6 Kd7 31. Re3 Rf5 32. Kf1 b5 33.
Ke2 b4 34. Be1 Rd5 35. Rd3 Nd4+ 36. Kd1 c5 37. f4 c4 38. Rd2 Kc6 39. Bf2 Nb5
40. g4 c3 41. Rxd5 Kxd5 42. bxc3 bxc3 43. Be3 Ke4 44. Bc1 Nd4 45. h4 c2+ 46.
Kd2 Nb3+ 47. Kxc2 Nxc1 48. Kxc1 Kxf4 0-1

[Event "Mechanics' Summer TNM; 30/90, SD/30"]
[Site "San Francisco"]
[Date "2011.07.12"]
[Round "8.2"]
[White "Wong, Russell"]
[Black "Buscara, Sevan"]
[Result "0-1"]
[WhiteElo "2200"]
[BlackElo "2516"]
[PlyCount "39"]
[EventDate "2011.??.??"]

1. e4 d5 2. exd5 Qxd5 3. Nc3 Qa5 4. d4 Nf6 5. Nf3 Bf5 6. Bc4 c6 7. Bd2 e6 8.
Nd5 Qd8 9. Nxf6+ gxf6 10. Bb3 Nd7 11. Nh4 Bg6 12. Qe2 Qc7 13. O-O-O O-O-O 14.
g3 Be7 15. Ng2 Kb8 16. h4 h5 17. Nf4 Bf5 18. Nxh5 c5 19. g4 Rxh5 20. gxh5 {
remainder illegible} 0-1

[Event "Mechanics' Summer TNM; 30/90, SD/30"]
[Site "San Francisco"]
[Date "2011.06.07"]
[Round "3.3"]
[White "Wong, Russell"]
[Black "Jones, James"]
[Result "0-1"]
[WhiteElo "2200"]
[BlackElo "2081"]
[PlyCount "52"]
[EventDate "2011.??.??"]

1. e4 g6 2. d4 Bg7 3. Nc3 d6 4. Be3 Nf6 5. f3 O-O 6. g4 Nc6 7. Qd2 e5 8. d5 Nd4
9. Nce2 c6 10. dxc6 Nxc6 11. O-O-O Be6 12. Kb1 d5 13. g5 d4 14. gxf6 dxe3 15.
Qc1 Qxf6 16. Qxe3 Rad8 17. Rxd8 Rxd8 18. Nc3 Qh4 19. Bd3 Bh6 20. Qe2 a6 21. a3
b5 22. Qf1 b4 23. Nd5 bxa3 24. bxa3 Bxd5 25. exd5 Rb8+ 26. Ka2 Qd4 0-1

[Event "Mechanics' Summer TNM; 30/90, SD/30"]
[Site "San Francisco"]
[Date "2011.05.24"]
[Round "1.3"]
[White "Wong, Russell"]
[Black "Litowsky, Daniel"]
[Result "1-0"]
[WhiteElo "2200"]
[BlackElo "1700"]
[PlyCount "57"]
[EventDate "2011.??.??"]

1. e4 e5 2. Nf3 Nc6 3. Bb5 d6 4. O-O Nf6 5. Re1 Be7 6. c3 O-O 7. h3 h6 8. d4
exd4 9. cxd4 a6 10. Bf1 Re8 11. Nc3 Bd7 12. a3 Bf8 13. b4 Ne7 14. Be3 Ng6 15.
Bd3 c6 16. Qc2 Rc8 17. Rad1 Qc7 18. Rc1 Qd8 19. Qb2 b5 20. Qb1 a5 21. Re2 axb4
22. axb4 Ra8 23. e5 dxe5 24. dxe5 Nd5 25. Nxd5 cxd5 26. Bxg6 fxg6 27. Qxg6 Re6
28. Qd3 Qe8 29. Nd4 {remainder illegible} 1-0

[Event "Mechanics' Summer TNM; 30/90, SD/30"]
[Site "San Francisco"]
[Date "2011.06.21"]
[Round "5.11"]
[White "Wong, Russell"]
[Black "Oca, Homer"]
[Result "1-0"]
[WhiteElo "2200"]
[BlackElo "1674"]
[PlyCount "83"]
[EventDate "2011.??.??"]

1. e4 a6 2. d4 h6 3. c4 e6 4. Nc3 c5 5. Nf3 cxd4 6. Qxd4 Nc6 7. Qd1 Nf6 8. Be2
Qc7 9. O-O g5 10. Nd4 Bg7 11. Be3 d6 12. Rc1 Ne7 13. Qd2 Bd7 14. Rfd1 Rd8 15.
Qe1 O-O 16. h4 Nh7 17. hxg5 hxg5 18. Qd2 f6 19. b4 e5 20. Nb3 Be6 21. Nd5 Bxd5
22. cxd5 Qd7 23. b5 axb5 24. Qb4 Ng6 25. Bxb5 Qg4 26. f3 Qg3 27. Bf2 Qf4 28.
Qe1 Nh4 29. Nd2 Nxg2 30. Kxg2 g4 31. Bg3 gxf3+ 32. Nxf3 Qg4 33. Qe3 f5 34. exf5
Rxf5 35. Rc4 Qh5 36. Rh4 Qf7 37. Bd3 Rf8 38. Bxf5 Qxf5 39. Qe4 Qxe4 40. Rxe4
Nf6 41. Rb4 Ra8 42. a4 1-0

[Event "Mechanics' Summer TNM; 30/90, SD/30"]
[Site "San Francisco"]
[Date "2011.06.21"]
[Round "5.18"]
[White "Zang, Kevin"]
[Black "Zhao, Audrey"]
[Result "0-1"]
[WhiteElo "1786"]
[BlackElo "1554"]
[PlyCount "52"]
[EventDate "2011.??.??"]

1. b4 d5 2. Bb2 b5 3. e3 a6 4. Nf3 Nf6 5. Be2 e6 6. a3 Bd6 7. O-O O-O 8. d4 Re8
9. Nbd2 Bb7 10. Nb3 Nbd7 11. Nc5 Nxc5 12. bxc5 Be7 13. a4 c6 14. axb5 cxb5 15.
Ne5 Qc7 16. Bc3 Nd7 17. Ba5 Qc8 18. f4 Nxe5 19. fxe5 f6 20. exf6 Bxf6 21. Bh5
Re7 22. c6 Qxc6 23. Bb4 Rc7 24. Qg4 e5 25. dxe5 Bxe5 26. Rf5 $4 Bxa1 0-1

[Event "Mechanics' Summer TNM; 30/90, SD/30"]
[Site "San Francisco"]
[Date "2011.06.14"]
[Round "4.5"]
[White "Zavadsky, Peter"]
[Black "Krasnov, Steven"]
[Result "1-0"]
[WhiteElo "2293"]
[BlackElo "1968"]
[PlyCount "35"]
[EventDate "2011.??.??"]

1. c4 e6 2. Nf3 d5 3. d4 Be7 4. Nc3 Nf6 5. Bg5 Nbd7 6. e3 a6 7. Qc2 O-O 8.
O-O-O dxc4 9. Bxc4 b5 10. Bb3 Bb7 11. d5 b4 12. dxe6 bxc3 13. Bxf6 Bxf6 14.
Rxd7 cxb2+ 15. Kb1 Qb8 16. exf7+ Kh8 17. Qf5 Bc6 18. Bc2 1-0

[Event "Mechanics' Summer TNM; 30/90, SD/30"]
[Site "San Francisco"]
[Date "2011.07.05"]
[Round "7.4"]
[White "Zavadsky, Peter"]
[Black "Traub, Igor"]
[Result "1/2-1/2"]
[WhiteElo "2293"]
[BlackElo "2140"]
[PlyCount "85"]
[EventDate "2011.??.??"]

1. d4 d5 2. c4 c6 3. Nc3 Nf6 4. Nf3 e6 5. e3 a6 6. Bd3 dxc4 7. Bxc4 b5 8. Bd3
Nbd7 9. O-O c5 10. Qe2 Bb7 11. Rd1 Qc7 12. e4 cxd4 13. Nxd4 Bc5 14. Nb3 O-O 15.
Bg5 Bd6 16. g3 b4 17. Na4 Rac8 18. Rac1 Qb8 19. Na5 Rxc1 20. Rxc1 Nxe4 21. Bxe4
Bxe4 22. Qxe4 Qb5 23. Nb3 Qxg5 24. Qc6 Bf4 25. Rd1 Nf6 26. Qc5 Nd5 27. Nb6 Nxb6
28. Qxb6 Be5 29. Qxb4 Bxb2 30. Nc5 a5 31. Qxa5 h5 32. h4 Qg4 33. Rd8 g6 34. Nd7
Rxd8 35. Qxd8+ Kh7 36. Qe7 Qd1+ 37. Kg2 Qd5+ 38. f3 Qf5 39. a4 Qc2+ 40. Kh3
Qf5+ 41. Kg2 Qc2+ 42. Kh3 Qf5+ 43. Kg2 1/2-1/2

[Event "Mechanics' Summer TNM; 30/90, SD/30"]
[Site "San Francisco"]
[Date "2011.07.12"]
[Round "8.7"]
[White "Zhao, Art"]
[Black "Grey, Peter"]
[Result "1/2-1/2"]
[WhiteElo "1820"]
[BlackElo "2006"]
[PlyCount "60"]
[EventDate "2011.??.??"]

1. d4 Nf6 2. c4 g6 3. Nc3 d5 4. cxd5 Nxd5 5. e4 Nxc3 6. bxc3 Bg7 7. Bc4 c5 8.
Be3 Nc6 9. Ne2 O-O 10. O-O Bg4 11. f3 Na5 12. Bxf7+ Rxf7 13. fxg4 Rxf1+ 14.
Kxf1 cxd4 15. cxd4 e5 16. d5 Nc4 17. Qd3 Nd6 18. Nc3 Qa5 19. Rb1 Rc8 20. Nb5
Nxb5 21. Qxb5 Qxa2 22. Qxb7 Rf8+ 23. Kg1 Qe2 24. Qxa7 Qxg4 25. Qa4 Qe2 26. Qa7
Qd3 27. Re1 Qxe4 28. Qxg7+ Kxg7 29. Bh6+ Kxh6 30. Rxe4 Re8 {remainder illegible
} 1/2-1/2

[Event "Mechanics' Summer TNM; 30/90, SD/30"]
[Site "San Francisco"]
[Date "2011.07.05"]
[Round "7.9"]
[White "Zhao, Art"]
[Black "Russell, Joe"]
[Result "1/2-1/2"]
[WhiteElo "1820"]
[BlackElo "1872"]
[PlyCount "76"]
[EventDate "2011.??.??"]

1. d4 Nf6 2. c4 g6 3. Nc3 Bg7 4. e4 d6 5. f3 O-O 6. Be3 Nbd7 7. Qd2 e5 8. d5
Ne8 9. Bd3 f5 10. exf5 gxf5 11. Nge2 f4 12. Bf2 Ndf6 13. Bh4 Qd7 14. O-O Qf7
15. Qc2 Qh5 16. Bf2 Kh8 17. Kh1 Rg8 18. Rae1 Bf8 19. Qd1 Rxg2 20. Kxg2 Bh3+ 21.
Kg1 Qxf3 22. Nxf4 Qxd1 23. Rxd1 Bxf1 24. Rxf1 exf4 25. Bd4 Bh6 26. Ne2 Kg8 27.
Nxf4 Bxf4 28. Rxf4 Kg7 29. Bxh7 Kxh7 30. Bxf6 Nxf6 31. Rxf6 Rg8+ 32. Kf2 Kg7
33. Rf3 Rh8 34. Kg2 Rh4 35. b3 Kg6 36. Kg3 Rd4 37. h4 Rd2 38. Rf2 Rd3+ 1/2-1/2

[Event "Mechanics' Summer TNM; 30/90, SD/30"]
[Site "San Francisco"]
[Date "2011.06.21"]
[Round "5.10"]
[White "Zhao, Art"]
[Black "Todortsev, Victor"]
[Result "0-1"]
[WhiteElo "1820"]
[BlackElo "1937"]
[PlyCount "68"]
[EventDate "2011.??.??"]

1. d4 e6 2. c4 d5 3. Nc3 Nf6 4. Nf3 a6 5. e3 dxc4 6. Bxc4 b5 7. Bd3 Bb7 8. O-O
Nbd7 9. Qe2 c5 10. Rd1 Qc7 11. a3 Be7 12. Bd2 O-O 13. Rac1 c4 14. Bc2 Rfe8 15.
e4 e5 16. d5 Bc5 17. Be3 Nf8 18. h3 Ng6 19. Bxc5 Qxc5 20. Qe3 Qd6 21. g3 Qd7
22. Qc5 Qxh3 23. a4 Nf4 24. gxf4 Qxf3 25. f5 Ng4 26. Rd2 h5 27. Bd1 Qf4 28.
Rcc2 Qh2+ 29. Kf1 Qh1+ 30. Ke2 Rac8 31. Qb6 b4 32. Qxb4 h4 33. Qxb7 h3 34. f3
h2 0-1

[Event "Mechanics' Summer TNM; 30/90, SD/30"]
[Site "San Francisco"]
[Date "2011.06.28"]
[Round "6.12"]
[White "Zhao, Audrey"]
[Black "De Lenea, Digne"]
[Result "0-1"]
[WhiteElo "1554"]
[BlackElo "1851"]
[PlyCount "44"]
[EventDate "2011.??.??"]

1. d4 Nf6 2. c4 e5 3. dxe5 Ng4 4. Nf3 Bc5 5. e3 Nc6 6. Qd5 Qe7 7. Nc3 Ngxe5 8.
Nxe5 Nxe5 9. a3 a5 10. Be2 c6 11. Qd2 d6 12. b3 Qg5 13. g3 Qg6 14. Bb2 O-O 15.
Bf1 $4 Nf3+ 16. Ke2 Nxd2 17. Kxd2 Bg4 18. Bg2 d5 19. cxd5 cxd5 20. Bxd5 Rad8
21. Ke1 Rxd5 22. Nxd5 Qc2 0-1

[Event "Mechanics' Summer TNM; 30/90, SD/30"]
[Site "San Francisco"]
[Date "2011.07.12"]
[Round "8.13"]
[White "Zhao, Audrey"]
[Black "Miller, David"]
[Result "0-1"]
[WhiteElo "1554"]
[BlackElo "1800"]
[PlyCount "64"]
[EventDate "2011.??.??"]

1. d4 f5 2. c4 Nf6 3. g3 g6 4. Bg2 Bg7 5. Nc3 O-O 6. f4 Na6 7. Nf3 c5 8. d5 d6
9. O-O Bd7 10. a3 Qe8 11. Qc2 Rb8 12. Nd2 b5 13. e4 fxe4 14. Ncxe4 bxc4 15.
Nxf6+ Bxf6 16. Nxc4 Bb5 17. a4 Nb4 18. Qb3 Bd4+ 19. Kh1 Bd7 20. Qd1 Bf5 21. Na3
Nd3 22. Qd2 Nxc1 23. Raxc1 Bxb2 24. Rc3 Bxc3 25. Qxc3 Qxa4 26. Ra1 Be4 27. Qe3
Bxg2+ 28. Kxg2 Rb2+ 29. Kf1 Qd7 30. Kg1 Qh3 31. Qe4 Qxh2+ 32. Kf1 Qf2# 0-1